All French Coinage Minted since 1715 - Statistics

General Stats
  • This quiz has been taken 14 times
  • The average score is 20 of 51
Answer Stats
Hintfranc Answer % Correct
euro 1 Cent
100%
euro 1 Euro
91%
euro 10 Cents
82%
francnew 1 Franc
82%
vichy franc 1 Franc
82%
euro 20 Cents
82%
francnew 20 Francs
82%
euro 2 Cents
82%
euro 2 Euros
82%
euro 50 Cents
82%
euro 5 Cents
82%
francnew 5 Francs
82%
francnew 100 Francs
73%
francnew 10 Francs
73%
francnew 2 Francs
73%
vichy franc 2 Francs
73%
francnew 40 Francs
73%
francnew 50 Francs
73%
francnew 5 Centimes
64%
francnew 10 Centimes
55%
vichy franc 10 Centimes
55%
francnew 20 Centimes
55%
vichy franc 20 Centimes
55%
francnew 50 Centimes
55%
vichy franc 50 Centimes
55%
francnew 1 Centime
45%
francnew 25 Centimes
45%
francnew 1/2 Franc
18%
livre 1 Ecu
18%
francnew 1/4 Franc
9%
livre 10 Soles
0%
livre 1/12 Ecu
0%
livre 1/16 Ecu
0%
livre 12 Deniers
0%
livre 1/2 d'Or
0%
livre 1/2 Ecu
0%
livre 1/2 Sol
0%
livre 12 Soles
0%
livre 1/3 Ecu
0%
livre 15 Soles
0%
francnew 1 Decime
0%
livre 1 d'Or
0%
livre 1 Liard
0%
livre 1 Sol
0%
livre 20 Soles
0%
livre 24 Livres
0%
livre 24 Soles
0%
livre 2 d'Or
0%
livre 2 Soles
0%
livre 30 Soles
0%
livre 6 Soles
0%
No matching quizzes found
Score Distribution
Percent of People with Each Score
Percentile by Number Answered
Your Score History
You have not taken this quiz